000 00856nas a2200313 4500
001 BR0500610
003 BR-BrBNA
005 20231205105126.0
007 ta
008 230509b bl.|||p| |||| 00| 00por d
040 _aBR-BrBNA
_bpor
_cBiblioteca Nacional de Agricultura
041 _a(Pt)
072 _aK50
100 1 _aIwakiri, S.
100 1 _aMenezes, C.S. de
100 1 _aLaroca, C.
100 1 _aVenson, I.
100 1 _aMatoski, S.S.
245 1 _aProdução de compensados de Pinus taeda e Pinus oocarpa com resina fenol-formaldeído
650 _aPINHEIRO
650 _aFENOL
650 _aCOMPENSADO
650 _aADESIVO
650 _aRESINA
650 _aQUALIDADE
773 0 _tCerne (Brazil)
_xISSN 0104-7760
_g(2002), v. 8(2) p. 92-97
_wBR0500610
909 _a202311
_bLúcia
_c55
_dLúcia Elande
942 _2AGRIS
_n0
_cANA
999 _c181367
_d181367